000 00355 a2200145 4500
001 155842
040 _cEscola São Tomás de Aquino
100 _aJANSON, H.W
240 1 0 _aIniciação à História da Arte
_lpor
245 1 0 _aIniciação à História da Arte
300 _a475
362 0 _a1996
697 _aHistória da arte / Museus
942 _cBK
999 _c155842
_d155842